<?xml version="1.0" encoding="UTF-8"?>
<record
    xmlns:xsi="http://www.w3.org/2001/XMLSchema-instance"
    xsi:schemaLocation="http://www.loc.gov/MARC21/slim http://www.loc.gov/standards/marcxml/schema/MARC21slim.xsd"
    xmlns="http://www.loc.gov/MARC21/slim">

  <leader>01610nam a2200205Ia 4500</leader>
  <controlfield tag="001">b7165-53267 </controlfield>
  <controlfield tag="003">IT-MiCISF</controlfield>
  <controlfield tag="008">161014s9999||||xx |||||||||||||| ||und||</controlfield>
  <datafield tag="040" ind1=" " ind2=" ">
    <subfield code="a">IT-MiCISF</subfield>
    <subfield code="c">IT-MiCISF</subfield>
  </datafield>
  <datafield tag="041" ind1=" " ind2=" ">
    <subfield code="a">it</subfield>
  </datafield>
  <datafield tag="100" ind1=" " ind2=" ">
    <subfield code="a">Madison Amber</subfield>
  </datafield>
  <datafield tag="245" ind1=" " ind2="0">
    <subfield code="a">Parlare di sesso con i propri figli</subfield>
    <subfield code="b">Renderli consapevoli per proteggerli</subfield>
  </datafield>
  <datafield tag="250" ind1=" " ind2=" ">
    <subfield code="a">1a ed.</subfield>
  </datafield>
  <datafield tag="260" ind1=" " ind2=" ">
    <subfield code="a"> Trento</subfield>
    <subfield code="b">Erickson</subfield>
    <subfield code="c">2014</subfield>
  </datafield>
  <datafield tag="300" ind1=" " ind2=" ">
    <subfield code="a">pp. 209</subfield>
  </datafield>
  <datafield tag="500" ind1=" " ind2=" ">
    <subfield code="a"> / educazione-sessuale, educazione-genitori,figli-adolescenti, famiglia, contraccezione, patologie-sessuali / Ogni genitore vorrebbe aiutare i propri figli a fare scelte sessuali responsabili, ma spesso l'imbarazzo nel parlare di certi argomenti &#xE8; forte e difficile da superare. Il vero problema non &#xE8; sapere cosa dire ai ragazzi sul sesso ma come dirlo: trovare le parole giuste e il momento adatto, usare il loro linguaggio, conquistarsi la loro fiducia. Questo libro, scritto da una ventiseienne, intende fornire un aiuto per risolvere i piccoli e grandi problemi dei figli adolescenti legati alla sessualit&#xE0; e alla consapevolezza del proprio corpo. Concepito come una guida pratica, ricco di consigli e di strategie pronte all'uso, il volume affronta direttamente i temi pi&#xF9; scottanti: quando e come parlare di sesso (ai figli maschi e alle figlie femmine); tutto quello che &#xE8; necessario conoscere sulla contraccezione e le malattie sessualmente trasmissibili; le preoccupazioni e i falsi miti degli adolescenti in fatto di sesso; infine, come farsi davvero ascoltare dai propri figli.</subfield>
  </datafield>
  <datafield tag="650" ind1=" " ind2=" ">
    <subfield code="a">educazione</subfield>
  </datafield>
  <datafield tag="942" ind1=" " ind2=" ">
    <subfield code="c">BK</subfield>
  </datafield>
  <datafield tag="957" ind1=" " ind2=" ">
    <subfield code="7">1</subfield>
  </datafield>
  <datafield tag="999" ind1=" " ind2=" ">
    <subfield code="a">53267</subfield>
    <subfield code="b">si</subfield>
    <subfield code="g">1</subfield>
    <subfield code="c">209805</subfield>
    <subfield code="d">209805</subfield>
  </datafield>
  <datafield tag="952" ind1=" " ind2=" ">
    <subfield code="0">0</subfield>
    <subfield code="1">0</subfield>
    <subfield code="4">0</subfield>
    <subfield code="6">B_716553267</subfield>
    <subfield code="7">1</subfield>
    <subfield code="a">CISF</subfield>
    <subfield code="b">CISF</subfield>
    <subfield code="d">2016-10-14</subfield>
    <subfield code="l">0</subfield>
    <subfield code="o">b7165-53267 </subfield>
    <subfield code="r">2016-10-14 00:00:00</subfield>
    <subfield code="w">2016-10-14</subfield>
    <subfield code="y">BK</subfield>
    <subfield code="z">Data import 15.10.2016 / by Epidotti, Vaglietti</subfield>
  </datafield>
</record>
